|
|
|
|
| LEADER |
00737nab a2200205 i 4500 |
| 001 |
misc68205 |
| 005 |
20230215142132.0 |
| 008 |
220201s1986 hu o 0|| eng d |
| 040 |
|
|
|a SZTE Miscellanea Repozitórium
|b hun
|
| 041 |
|
|
|a eng
|
| 100 |
1 |
|
|a Esin Emel
|
| 245 |
1 |
4 |
|a The culture of the Turks
|h [elektronikus dokumentum] :
|b the initial Inner Asian phase /
|c Esin Emel
|
| 260 |
|
|
|a Türk Tarih Kurumu Basımevi
|b Ankara
|c 1986
|
| 300 |
|
|
|a 22 p., 12 t.
|c 24 cm
|
| 561 |
|
|
|a Németh Gyula hagyaték
|
| 591 |
|
|
|a XKEK 2891
|
| 650 |
|
4 |
|a Bölcsészettudományok
|
| 650 |
|
4 |
|a Történettudomány és régészet
|
| 695 |
|
|
|a Művelődéstörténet - török
|
| 856 |
4 |
0 |
|u http://misc.bibl.u-szeged.hu/68205/1/1548_oa_e93.pdf
|z Dokumentum-elérés
|